LEADER 01359nas 2200433- 450 001 996321420303316 005 20220315131533.0 011 $a2345-3893 035 $a(OCoLC)928991973 035 $a(CKB)3880000000004370 035 $a(CONSER)--2016261020 035 $a(DE-599)ZDB2760504-8 035 $a(EXLCZ)993880000000004370 100 $a20151113a20139999 --- - 101 0 $aeng 135 $aur||||||||||| 181 $ctxt$2rdacontent 182 $cc$2rdamedia 183 $acr$2rdacarrier 200 00$aJournal of health sciences and surveillance system 210 1$a[Shiraz] :$c[Shiraz University of Medical Sciences] 300 $aRefereed/Peer-reviewed 311 $a2345-2218 517 1 $aJHSSS 517 1 $aJ. health sci. surveillance sys. 606 $aEpidemiology$vPeriodicals 606 $aPublic health surveillance$vPeriodicals 606 $aEpidemiology$2fast$3(OCoLC)fst00914091 606 $aPublic health surveillance$2fast$3(OCoLC)fst01082426 608 $aPeriodicals.$2fast 610 $aEpidemiology & Epidemics 615 0$aEpidemiology 615 0$aPublic health surveillance 615 7$aEpidemiology. 615 7$aPublic health surveillance. 906 $aJOURNAL 912 $a996321420303316 996 $aJournal of health sciences and surveillance system$92218699 997 $aUNISA LEADER 01432nam 2200433 450 001 9910806219403321 005 20240131163542.0 010 $a1-4438-9191-6 035 $a(CKB)3710000001365093 035 $a(MiAaPQ)EBC4857973 035 $a(Au-PeEL)EBL4857973 035 $a(CaPaEBR)ebr11384858 035 $a(CaONFJC)MIL1010072 035 $a(OCoLC)987253149 035 $a(FINmELB)ELB150302 035 $a(EXLCZ)993710000001365093 100 $a20170605h20172017 uy 0 101 0 $aeng 135 $aurcnu|||||||| 181 $2rdacontent 182 $2rdamedia 183 $2rdacarrier 200 10$aFamily, violence and gender in African Anglophone novels and contemporary terrorist threats /$fby Chi Sum Garfield Lau 210 1$aNewcastle upon Tyne, England :$cCambridge Scholars Publishing,$d2017. 210 4$dİ2017 215 $a1 online resource (163 pages) 311 $a1-4438-9866-X 320 $aIncludes bibliographical references. 606 $aAfrican literature (English)$xHistory and criticism 615 0$aAfrican literature (English)$xHistory and criticism. 676 $a820.996 700 $aLau$b Chi Sum Garfield$01713971 801 0$bMiAaPQ 801 1$bMiAaPQ 801 2$bMiAaPQ 906 $aBOOK 912 $a9910806219403321 996 $aFamily, violence and gender in African Anglophone novels and contemporary terrorist threats$94107385 997 $aUNINA